Rappers by letter - B - Statistics

General Stats
  • This quiz has been taken 28 times
  • The average score is 6 of 30
Answer Stats
Year of birth Years Active Popular Songs Artist/Rapper % Correct
2000. 2014- Family Ties, Orange Soda, Durag Activity Baby Keem
75%
1997. 2017- Thotiana, Bleed It, Respect My Crypn Blueface
70%
1988. 2006- Airplanes, Nothin on You, Headband B.o.B
60%
1994. 2013- Hot N*****, Shmoney, No time for sleep Bobby Shmurda
45%
1988. 2007- I dont f*** with you, Blessings, Bounce Back Big Sean
40%
1984. 2004- Johnny Ps Caddy, 5 to 50, India Benny the Butcher
35%
1996. 2012- Look Alive, Shoot, Rover 2.0 BlocBoy JB
30%
2000. 2017- Emperor of the universe, Prince of the mitten, 100 Bars Babytron
25%
1974. 1992-1999 Put it on, American Dream, Now or Never Big L
25%
2000. 2021- Special K, Jew on the canoe, The Nac 2 BLP Kosher
25%
1971. 1987- You Got Me, What they do, The next movement Black Thought
20%
1972. 1986- Touch It, I know what you want, Ill Hurt You Busta Rhymes
20%
1964. 1985-2021 Just a friend, Vapors, Let me clear my throat Biz Markie
15%
1982. 2009- Scrape the bowl, Surf & Turf, Speed Demon Freestyle Boldy James
15%
1991. 2014- My Thoughts pt.2, Family Over Money, What the business is Babyface Ray
10%
1968. 1987- Smooth Operator, Set it off, I get the job done Big Daddy Kane
10%
2000. 2019-2022 I would keep goin, SoIcyBoyz 2, Endzone Big Scarr
10%
1978. 2002- Soft Landing, Spongebob, Red Dust Billy Woods
10%
1969. 1991- Y.U. Mad, Money To Blow, Pop Bottles Birdman
10%
1973. 1987- Pushin, Intl Players Anthem, Diamonds & Wood Bun B
10%
1998. 2018- Dont Start, Top 5, 30 Bizzy Banks
5%
2002. 2015- Tweakin Together, Left/Right, Crazy Girl pt.2 Bktherula
5%
1994. 2011- Be nice to me, Obedient, Into Dust Bladee
5%
1977. 1998-2005 Ride on me, Fa Sho, Great lake ruler Blade Icewood
5%
1994. 2010- HDMI, Dirt, Sixteen Bones
5%
1982. 2000- One of them days again, Betrayed, Mind of a maniac Boosie Badazz
5%
1987. 1993- Like You, Let Me Hold You, Shortie like mine Bow Wow
5%
1970. 1988- Faded, Psycho Realm Revolution, Smoke n mirrors B-Real
5%
1987. 2008-2016 All there, Dirty Game, Hot Boy Bankroll Fresh
0%
1991. 2010- On the low, Ye, Last Last Burna Boy
0%
No matching quizzes found
Score Distribution
Percent of People with Each Score
Percentile by Number Answered
Your Score History
You have not taken this quiz